000 00888nam a2200277 i 4500
003 DO-SdBNP
005 20240801144529.0
006 a||||br|||| 00| 0
007 ta
008 240726e2024 dr a|||| |||| 00| j spa d
020 _a9789945808933
040 _aDO-SdBNP
_bspa
_cBNPHU
_erda
082 4 _222
100 1 _aFuei Liao , Yuan,
_977949
_eautor
245 1 0 _aSoy chita, y no me escondo /
_cYuan Fuei Liao ; ilustrador, Stephany Peña Mesa.
264 1 _aSanto Domingo :
_bBiblioteca Infantil y Juvenil República Dominicana,
_c2024
300 _a34 páginas :
_bIlustraciones ;
_c21 cm.
336 _2rdacontent
_atexto
_btxt
337 _2rdamedia
_asin mediación
_bn
338 _2rdacarrier
_avolumen
_bnc
490 0 _aNarrativa +08 años
590 _aInventariado, 2024/ BT
700 1 _aRojas, Sarah,
_951092
_eilustraciones
910 _aBtavárez
942 _2ddc
_cLF2
999 _c57361
_d57361